• 首页
  • 本馆介绍
  • 公告通知
  • 最新文献
  • 馆藏检索
  • 电子资源
  • 读者导购
  • 参考咨询
  • 我的图书馆
  • 登录
  • 详细信息显示
  • 放入我的书架
  • 预约/预借图书
  • 作者相关作品
  • 分类相关作品
  • 丛书相关作品
  • 出版社相关作品

书目信息

  • 表格格式
  • 工作单格式
  • 卡片格式
题名:
大学专业百科全书
    
 
作者: 顾东东, 主编
分册:  
出版信息: 北京   红旗出版社  2019
页数: 342页
开本: 26cm
丛书名: 助力新高考丛书
单 册:
中图分类: G647.32
科图分类:
主题词: 高等学校--gao deng xue xiao--专业--介绍--中国
电子资源:
ISBN: 978-7-5051-4213-8
000 01361nam 2200325 45
001 012001002529
005 20191029162431.31
010    @a978-7-5051-4213-8@dCNY49.00
099    @aCAL 012018103127
100    @a20180831d2017 em y0chiy50 ea
101 0  @achi
102    @aCN@b110000
105    @ak z 000yy
106    @ar
200 1  @a大学专业百科全书@Ada xue zhuan ye bai ke quan shu@e500+专业 学长告诉你@d= College professional manual@ea guide to college majors in China@f顾东东主编@zeng
205    @a第2版@b修订本
210    @a北京@c红旗出版社@d2019
215    @a342页@d26cm
225 2  @a助力新高考丛书@Azhu li xin gao kao cong shu
311    @a本书为《高等院校专业参考: 理性填报高考志愿》一书的修订本
330    @a本书是一本介绍大学专业的百科全书,从概况、报考提示、就业方向、学科评估排名等多个方面,对全国大学500多个专业进行了梳理和解读。
410  0 @12001 @a助力新高考丛书
451  0 @12001 @a高等院校专业参考@e理性填报高考志愿@1210 @@a杭州@c浙江大学出版社@d2008
510 1  @aCollege professional manual@ea guide to college majors in China@zeng
517 1  @a500+专业 学长告诉你@A500+ zhuan ye xue zhang gao su ni
606 0  @a高等学校@Agao deng xue xiao@x专业@x介绍@y中国
690    @aG647.32@v5
701  0 @a顾东东,@Agu dong dong@f1976-@4主编
801  0 @aCN@b江苏凤凰@c20191020
905    @b1216084-8@dG647.32@e1190=2@f5
    
    大学专业百科全书:500+专业 学长告诉你= College professional manual:a guide to college majors in China/顾东东主编.-第2版,修订本.-北京:红旗出版社,2019
    342页;26cm.-(助力新高考丛书)
    
    
    ISBN 978-7-5051-4213-8:CNY49.00
    本书是一本介绍大学专业的百科全书,从概况、报考提示、就业方向、学科评估排名等多个方面,对全国大学500多个专业进行了梳理和解读。
●
相关链接 在E读中查询图书 在五车中查询图书 在当当中查询图书 在豆瓣中查询图书


正题名:大学专业百科全书     索取号:G647.32/1190=2         预约/预借

序号 登录号 条形码 馆藏地/架位号 状态 备注
1 1216084   212160846   第一样本阅览室/ [索取号:G647.32/1190=2] 在馆    
2 1216085   212160855   教育系资料室/ [索取号:G647.32/1190=2] 在馆    
3 1216086   212160864   教育系资料室/ [索取号:G647.32/1190=2] 在馆    
4 1216087   212160873   第四借阅区/ [索取号:G647.32/1190=2] 在馆    
5 1216088   212160882   第四借阅区/ [索取号:G647.32/1190=2] 在馆    
唐山师范学院图书馆 欢迎您!
大连网信软件有限公司© 版权所有